| 000 | 00693cam a2200145 4500500 | ||
|---|---|---|---|
| 005 | 20251228091222.0 | ||
| 041 | _afre | ||
| 042 | _adc | ||
| 100 | 1 | 0 |
_aRigal, Élisabeth _eauthor |
| 245 | 0 | 0 | _aMichaël Biziou, Adam Smith et l’origine du libéralisme, collection « Fondements de la politique », PUF, 2003, 298 pages. Adam Smith, Théorie des sentiments moraux, traduction Michaël Biziou, Claude Gautier et Jean-François Pradeau, collection « Quadrige », PUF, 2003 |
| 260 | _c2005. | ||
| 500 | _a25 | ||
| 786 | 0 | _nPhilosophie | 86 | 3 | 2005-06-01 | p. 86a-89a | 0294-1805 | |
| 856 | 4 | 1 | _uhttps://shs.cairn.info/revue-philosophie-2005-3-page-86a?lang=fr&redirect-ssocas=7080 |
| 999 |
_c1603136 _d1603136 |
||